Surnames - Multiple Choice #1 - Statistics

General Stats
  • This quiz has been taken 40 times
  • The average score is 12 of 15
Answer Stats
Question Answer % Correct
Smith English
100%
Singh Indian
100%
O' Connor Irish
100%
Rossi Italian
100%
Kim Korean
100%
Kowalski Polish
100%
Nguyen Vietnamese
100%
Wong Chinese
86%
Schneider German
86%
Watanabe Japanese
71%
Ramirez Spanish
71%
Shevchenko Ukrainian
71%
Fernandes Portuguese
57%
Golovin Russian
29%
Bivol Romanian
0%
No matching quizzes found
Score Distribution
Percent of People with Each Score
Percentile by Number Answered
Your Score History
You have not taken this quiz